000 00426pab a2200157 454500
008 180718b2013 xxu||||| |||| 00| 0 eng d
100 _aCheng, Deborah
245 _a(In)visible urban water networks: The politics of non-payment in Manilas low-income communities.
260 _c2013
300 _ap.249-260.
362 _aApr
650 _aWater
773 _aEnvironment and Urbanization
908 _aN
909 _a99130
999 _c99129
_d99129